Pinturas y revestimientos protectores

Guardat en:
Dades bibliogràfiques
Autor principal: Steele Ambersley, Clifford
Format: Desconegut
Publicat: [San José, Costa Rica] 1970
Matèries:
Etiquetes: Afegir etiqueta
Sense etiquetes, Sigues el primer a etiquetar aquest registre!

MARC

LEADER 00000 a2200000 4500
003 011349
005 20221231143816.0
008 140114s1970 cr a m 000 ||s d
040 |c cru CEDI 
090 |a TFG 419 
100 |a Steele Ambersley, Clifford   |9 17916 
245 |a Pinturas y revestimientos protectores 
260 |c 1970  |a  [San José, Costa Rica] 
300 |a  63 hojas ; 28 cm  
500 |a  Tesis (Ingeniero Civil) Universidad de Costa Rica  
501 |a Ed. mimeografiada  
650 |x REVESTIMIENTOS PROTECTORES  |9 17917 
942 |c TFG 
999 |c 12301  |d 12301